Fr. Conceicao Rodrigues College of Engineering

Clouds to Code (Record no. 20627)

MARC details
000 -LEADER
fixed length control field 00279nam a2200145Ia 4500
082 ## - DEWEY DECIMAL CLASSIFICATION NUMBER
Classification number 005.113/LIB
Item number LIB
100 ## - MAIN ENTRY--PERSONAL NAME
Personal name Liberty/Jesse
245 ## - TITLE STATEMENT
Title Clouds to Code
260 ## - PUBLICATION, DISTRIBUTION, ETC.
Name of publisher, distributor, etc. Wrox
546 ## - LANGUAGE NOTE
Language note ENGLISH
650 ## - SUBJECT ADDED ENTRY--TOPICAL TERM
Topical term or geographic name entry element General
654 ## - SUBJECT ADDED ENTRY--FACETED TOPICAL TERMS
Focus term clouds
942 ## - ADDED ENTRY ELEMENTS (KOHA)
Koha item type BOOK
Holdings
Withdrawn status Lost status Damaged status Not for loan Collection Home library Current library Date acquired Total Checkouts Full call number Barcode Date last seen Price effective from Koha item type
        CRC Fr. Agnel's C.Rodrigues College of Engineering Fr. Agnel's C.Rodrigues College of Engineering 17/03/2023   005.113/LIB LIB 18754 17/03/2023   BOOK